Official Country Names Quiz - Statistics

General Stats
  • This quiz has been taken 923 times
  • The average score is 10 of 22
Answer Stats
Country Name % Correct
{Democratic} Republic of Congo
99%
United Kingdom of Great Britain and {Northern} Ireland
97%
{People}'{s} Republic of China
93%
Russian {Federation}
84%
{United} Mexican States
79%
{Federated} States of Micronesia
67%
{Islamic} Republic of Iran
65%
{Commonwealth} of Australia
53%
{Sultanate} of Oman
52%
{State} of Israel
49%
{Federal} Republic of Germany
48%
{Principality} of Andorra
41%
{Arab} Republic of Egypt
35%
{Socialist} Republic of Vietnam
30%
{Bolivarian} Republic of Venezuela
21%
{Federative} Republic of Brazil
17%
{Plurinational} State of Bolivia
17%
{Independent} State of Papua New Guinea
15%
Nation of Brunei, the Abode of {Peace}
14%
Republic of the {Union} of Myanmar
13%
Independent and {Sovereign} Republic of Kiribati
12%
{Co}-{operative} Republic of Guyana
9%
No matching quizzes found
Score Distribution
Percent of People with Each Score
Percentile by Number Answered
Your Score History
You have not taken this quiz